| 000 | 00819nam a2200229 a 4500 | ||
|---|---|---|---|
| 001 | 25269 | ||
| 003 | BD-RjUL | ||
| 005 | 20211209050844.0 | ||
| 008 | 181010s1929 si 000 0 und d | ||
| 035 | _a(BD-RjUL)25338 | ||
| 040 |
_aEQO _cEQO _beng _dBD-RjUL |
||
| 041 | _aeng | ||
| 082 |
_223 _a297.122521 _bTRA 1929 |
||
| 245 | 0 | 0 |
_aTranslation of the Holy Qur-ân : _bfrom the original Arabic text, with critical essays, life of Muhammad, complete summary of contents / _cby Al-haj Hafiz Ghulam Sarwar |
| 250 | _a1st ed. | ||
| 260 |
_aSingapore : _bThe Author ; _aWoking, Surrey : _bS.M.S. Faruque, _c[1929] |
||
| 300 |
_acxix, 377 p. ; _c26 cm |
||
| 650 |
_aQuran _xTranslation, English _9223536 |
||
| 650 |
_aSacred books. _9223537 |
||
| 700 | 1 |
_aSarwar, Hafiz Ghulam, _d1873- ,ed. & tr. _9223538 |
|
| 942 |
_2ddc _cRAR |
||
| 999 |
_c25269 _d25269 |
||